000 00717nam a2200277 a 4500
999 _c10364
_d10364
001 10364
003 BD-JhCC
005 20180522125458.0
008 180424s20172005ii a 000 0 eng u
020 _a9878126535187
035 _a07-03/L
_a(BD-JhCC)10364
040 _aDLC
_cWIT
_dm.c
_dSER
_dBD-JhCC
041 _aeng
050 0 _aQC171
_b.K5
082 _a539.2
_bKIT 2017
100 1 _aKittel, Charles.
245 1 0 _aIntroduction to solid state physics /
_cCharles Kittel,
250 _a8th
260 _aNew Dheli :
_bWiley,
_c2017.
300 _a680 p. :
_billus ;
_c24 cm
650 0 _aMatter
_xProperties
650 0 _aSolids
740 0 _aSolid state physics
942 _2ddc
_cBK